Η πόλη της Χίου : κοινωνία, πολεοδομία, αρχιτεκτονική
Αποθηκεύτηκε σε:
| Κύριος συγγραφέας: | |
|---|---|
| Μορφή: | Βιβλίο |
| Γλώσσα: | Greek |
| Δημοσίευση: |
Αθήνα :
Νομαρχία Χίου : Δήμος Χιου,
1994.
|
| Θέματα: | |
| Ετικέτες: |
Προσθήκη ετικέτας
Δεν υπάρχουν, Καταχωρήστε ετικέτα πρώτοι!
|
MARC
| LEADER | 00000cam a2200000 i 4500 | ||
|---|---|---|---|
| 001 | 1/15285 | ||
| 008 | 950127s1994 gr | ||| |||| ||gre|| | ||
| 020 | |a 9609002900 | ||
| 035 | |l 10019758 | ||
| 035 | |l 10021853 | ||
| 040 | |a GR-MyUa |b gre |e AACR2 | ||
| 041 | 0 | |a gre | |
| 082 | 7 | |a 711.40949582 |2 (22) | |
| 100 | 1 | |a Μονιούδη-Γαβαλά, Δώρα. | |
| 245 | 1 | 2 | |a Η πόλη της Χίου : |b κοινωνία, πολεοδομία, αρχιτεκτονική / |c Δώρα Μονιούδη-Γαβαλά. |
| 260 | |a Αθήνα : |b Νομαρχία Χίου : |b Δήμος Χιου, |c 1994. | ||
| 300 | |a 142 σ. : |b εικ. ; |c 24 εκ. | ||
| 500 | |a Το παράρτημα Χίου διαθέτει την 2η ανατύπωση του1996. | ||
| 650 | 0 | |a City planning |z Greece |z Chios. | |
| 650 | 0 | |a Architecture |z Greece |z Chios. | |
| 651 | 0 | |a Chios (Greece) |x History. | |
| 852 | |a INST |b CHIOS |e 19950127 |h 711.40949582 ΠΟΛ |p 005200003494 |q 005200003494 |t BK |y 0 | ||
| 852 | |a INST |b LESVOS |e 19980529 |h 711.40949582 ΠΟΛ |p 005100013912 |q 005100013912 |t BK |y 0 | ||
| 901 | |a BIBL-1998-2 | ||
| 922 | |a 1ΕΛΗ |b 199805 |c ΚΠΣ/ΤΓ |d EMVASIS | ||
| 950 | |a 118-1998-03-23 | ||
| 970 | |z 2000/05/ΟΙΚΟΝΟΜΟΠΟΥΛΟΥ ΧΡΙΣΤΙΝΑ | ||